Statistics for Biggest cities with "man" in their names

Click here to take the quiz!

General Stats

  • This quiz has been taken 36 times
  • The average score is 4 of 10

Answer Stats

AreaCity% Correct
EuropeManchester
88%
Central AmericaManagua
68%
AsiaManila
65%
South AmericaManaus
62%
AsiaAmman
53%
AsiaKathmandu
32%
AsiaMangalore
6%
AfricaOmdurman
6%
AsiaKermanshah
0%
South AmericaSan Miguel de Tucuman
0%

Score Distribution

Percentile by Number Answered

Percent of People with Each Score

Your Score History

You have not taken this quiz